000 00265nam a2200097Ia 4500
001 1180721
005 20250827020801.0
008 250824s9999 xx 000 0 und d
245 0 _aTÜRKÇE KÖYÜ DEYİMLER ATASÖZLERİ
_cDURSUN GÜZEL
260 _bMODEL ÇOCUK (O5)
999 _c1180721
_d1180721